000 00611nam a2200193Ia 4500
003 GCL
008 140319s9999 xx 000 0 ara d
040 _aGCL /
_cGCL
082 0 4 _a811.009
_bع ا
100 1 _aالعربى حسن درويش
245 1 0 _aابونواس و قضية الحداثة فى الشعر /
_cالعربى حسن درويش
260 _a[S.N] :
_bالهيئة المصرية العامة للكتاب ،
_c1987
300 _a466 ص
490 _a
650 0 4 _aالشعر العربى
650 0 4 _aدواوين وقصائد
650 0 4 _aتاريخ ونقد
942 _2ddc
_cBK
999 _c27581
_d27581